CCNA DATA CENTER:Introducing cisco data center technologies (Record no. 14153)

MARC details
000 -LEADER
fixed length control field 00399nam a2200145Ia 4500
008 - FIXED-LENGTH DATA ELEMENTS--GENERAL INFORMATION
fixed length control field 230312s9999||||xx |||||||||||||| ||und||
020 ## - INTERNATIONAL STANDARD BOOK NUMBER
International Standard Book Number 978-118661093
082 ## - DEWEY DECIMAL CLASSIFICATION NUMBER
Classification number 004.6076
Item number LAM-C
100 ## - MAIN ENTRY--PERSONAL NAME
Personal name Lammle, Todd
245 #0 - TITLE STATEMENT
Title CCNA DATA CENTER:Introducing cisco data center technologies
260 ## - PUBLICATION, DISTRIBUTION, ETC.
Name of publisher, distributor, etc. Sybex
Place of publication, distribution, etc. Canada
Date of publication, distribution, etc. 2016
300 ## - PHYSICAL DESCRIPTION
Extent 253
650 ## - SUBJECT ADDED ENTRY--TOPICAL TERM
Topical term or geographic name entry element Engineering
Form subdivision Electronic/Computer
942 ## - ADDED ENTRY ELEMENTS (KOHA)
Koha item type BOOK
Holdings
Withdrawn status Lost status Source of classification or shelving scheme Damaged status Not for loan Collection Home library Current library Date acquired Total Checkouts Full call number Barcode Date last seen Price effective from Koha item type
    Dewey Decimal Classification     CS/IT Superior Information Resource Center (SIRC) Superior University- Gold Campus Superior Information Resource Center (SIRC) Superior University- Gold Campus 03/13/2023   004.6076 LAM-C 14288 03/13/2023 03/13/2023 BOOK

Powered by Koha